000 00750nam a2200241 4500
001 bimo0000811197
003 DO-SdBNP
005 20220607100207.0
008 900725s1972 sp spa
040 _aBPMSU
_bspa
_c BPMSU
082 _aR036
_bE56c 1972
_222
245 0 0 _aEnciclopedia Combi visual
_h
250 _a3ª ed.
260 _aBarcelona :
_bEdiciones Danae,
_c1972
300 _a2 v. :
_bgrab. neg. y col.;
_c25 cm
504 _aContiene bibliografía.
505 0 _aav. 1 A-Ci. -- v. 2 Co-Gan. -- v. 3 Gat-Med. -- v. 4 Med-Rad. -- v. 5 Reef-Zoo.
590 _6Inventariado, 2022/VM
650 4 _aEnciclopedias y diccionarios españoles.
655 7 _aEnciclopedias
_2tgfbne
910 _aVMateo V.
942 _2ddc
_cBK
999 _c14222
_d14222